[Event "31. Münsterland Open"]
[Site "Senden"]
[Date "2013.10.27"]
[Round "1.1"]
[White "Levin, Felix"]
[Black "Dyballa, Gerhard"]
[Result "1-0"]
[WhiteElo "2480"]
[BlackElo "1965"]
[PlyCount "99"]
[EventDate "2013.??.??"]

1. d4 Nf6 2. c4 e5 3. dxe5 Ng4 4. Bf4 Nc6 5. Nf3 Bb4+ 6. Nc3 Bxc3+ 7. bxc3 Qe7
8. Qd5 f6 9. exf6 Nxf6 10. Qd3 d6 11. g3 Ne5 12. Bxe5 dxe5 13. Nd2 O-O 14. Bg2
c6 15. O-O Be6 16. Rab1 Rad8 17. Qc2 Rd7 18. Rb4 Rfd8 19. Ne4 Bf5 20. Nxf6+
Qxf6 21. Qa4 a6 22. Qb3 Qe7 23. Rb6 Qf7 24. f4 Be6 25. fxe5 Qe7 26. Qb4 Bg4 27.
Qxe7 Rxe7 28. Bf3 Bc8 29. Rbb1 Rxe5 30. Rfd1 Rxd1+ 31. Rxd1 Kf7 32. Rd8 Bf5 33.
Rb8 Re7 34. c5 Ke6 35. Kf2 Ke5 36. h4 Be4 37. Rd8 g6 38. a4 Bf5 39. g4 Be6 40.
a5 Rd7 41. Re8 Kf6 42. g5+ Kf7 43. Rxe6 Kxe6 44. Bg4+ Ke7 45. Bxd7 Kxd7 46. Ke3
Ke6 47. Ke4 Kf7 48. Ke5 Ke7 49. e4 Ke8 50. Ke6 1-0

[Event "31. Münsterland Open"]
[Site "Senden"]
[Date "2013.10.27"]
[Round "1.2"]
[White "Zahn, Alina"]
[Black "Pähtz, Thomas"]
[Result "1/2-1/2"]
[WhiteElo "1965"]
[BlackElo "2401"]
[PlyCount "60"]
[EventDate "2013.??.??"]

1. e4 c6 2. d4 d5 3. e5 Bf5 4. Nf3 h6 5. Be2 e6 6. Nbd2 Nd7 7. Nb3 Ne7 8. a4 a5
9. O-O Nc8 10. Bd2 Be7 11. Rc1 O-O 12. Qe1 b6 13. c4 Be4 14. c5 Na7 15. cxb6
Qxb6 16. Nxa5 Qxb2 17. Nxc6 Nxc6 18. Rxc6 Bxf3 19. Bxf3 Qxd4 20. Rc7 Rfd8 21.
a5 Rac8 22. Bc3 Qa4 23. Bd1 Qa3 24. Rxc8 Rxc8 25. Bd2 Bc5 26. Kh1 Bd4 27. f4
Bc3 28. Bxc3 Qxc3 29. Be2 Qxe1 30. Rxe1 Rc2 1/2-1/2

[Event "31. Münsterland Open"]
[Site "Senden"]
[Date "2013.10.27"]
[Round "1.3"]
[White "Ackermann, Hans Werner"]
[Black "Melchers, Damian"]
[Result "1/2-1/2"]
[WhiteElo "2308"]
[BlackElo "1964"]
[PlyCount "134"]
[EventDate "2013.??.??"]

1. b3 d5 2. Bb2 Nf6 3. e3 c5 4. Nf3 Nc6 5. Bb5 a6 6. Bxc6+ bxc6 7. Ne5 Qb6 8.
d3 g6 9. O-O Bg7 10. Nc3 Qc7 11. Na4 Nd7 12. Nxd7 Bxb2 13. Ndb6 Rb8 14. Nxc8
Bxa1 15. Qxa1 O-O 16. Ncb6 Rxb6 17. Nxb6 Qxb6 18. Qe5 e6 19. Qd6 a5 20. g3 a4
21. Rb1 Rd8 22. Qe7 Rb8 23. a3 Qa5 24. Qd6 Qa7 25. b4 cxb4 26. Rxb4 Rxb4 27.
Qxb4 Qa6 28. c4 dxc4 29. dxc4 Kg7 30. h4 h5 31. Kf1 Kf6 32. Ke2 Qa7 33. Kd2
Qd7+ 34. Kc2 Qa7 35. Kc3 c5 36. Qb5 Ke7 37. e4 f6 38. Qc6 Qa5+ 39. Kc2 Qa7 40.
f4 Kf7 41. e5 f5 42. Kd3 Qb8 43. Qxa4 Qb1+ 44. Qc2 Qf1+ 45. Qe2 Qa1 46. Ke3
Qxa3+ 47. Kf2 Qc3 48. Qa2 Qd4+ 49. Kg2 Qe4+ 50. Kh2 Qd4 51. Kg2 Qe4+ 52. Kg1
Qe1+ 53. Kh2 Qe3 54. Qa7+ Kf8 55. Qb8+ Kg7 56. Qb7+ Kh6 57. Qg2 Kg7 58. Kh3 Qd3
59. Qa2 Qe4 60. Kh2 Qd4 61. Qe2 Kf7 62. Kg2 Ke7 63. Qa2 Qe4+ 64. Kh2 Qd4 65.
Qa7+ Kf8 66. Qa8+ Kf7 67. Qb7+ Kf8 1/2-1/2

[Event "31. Münsterland Open"]
[Site "Senden"]
[Date "2013.10.27"]
[Round "1.4"]
[White "Wehling, Ulrich"]
[Black "Hedke, Fred"]
[Result "1/2-1/2"]
[WhiteElo "1964"]
[BlackElo "2300"]
[PlyCount "80"]
[EventDate "2013.??.??"]

1. d4 d5 2. Bf4 Nf6 3. e3 g6 4. Bd3 Bg7 5. h3 O-O 6. Nf3 c5 7. c3 Nc6 8. Nbd2
Nd7 9. O-O e5 10. dxe5 Ndxe5 11. Bc2 b6 12. Nxe5 Nxe5 13. Nf3 Nc4 14. Qc1 Bb7
15. Nd2 Ne5 16. Qb1 f5 17. Bxe5 Bxe5 18. Nf3 Bf6 19. Qd1 Qe7 20. Re1 Rad8 21.
Qe2 Kh8 22. Rad1 a6 23. Rd2 Rfe8 24. Bd1 Qc7 25. Qd3 Re6 26. Qf1 Qe7 27. Be2 a5
28. Red1 Red6 29. Re1 Qg7 30. Red1 Qc7 31. Rc1 Re6 32. b4 f4 33. exf4 Qxf4 34.
bxc5 bxc5 35. Rb1 Bc6 36. Qc1 Rde8 37. Qc2 d4 38. g3 Qf5 39. Qxf5 gxf5 40. Kf1
dxc3 1/2-1/2

[Event "31. Münsterland Open"]
[Site "Senden"]
[Date "2013.10.27"]
[Round "1.5"]
[White "Molinaroli, Martin"]
[Black "Müller, Achim"]
[Result "1-0"]
[WhiteElo "2289"]
[BlackElo "1961"]
[PlyCount "75"]
[EventDate "2013.??.??"]

1. b3 f5 2. Bb2 Nf6 3. f4 b6 4. Nf3 Bb7 5. e3 e6 6. Be2 Be7 7. O-O O-O 8. c4 c5
9. Nc3 Nc6 10. d3 d6 11. Qd2 Qd7 12. Rad1 Rad8 13. a3 Rfe8 14. d4 Bf8 15. d5
exd5 16. cxd5 Na5 17. b4 Nb3 18. Qc2 Qe7 19. Qxb3 Qxe3+ 20. Kh1 Ne4 21. Bb5 Re7
22. Qc2 Qxf4 23. Nxe4 fxe4 24. Ne5 Qg5 25. Nc6 Bxc6 26. Bxc6 h5 27. Rde1 Qg4
28. Bc1 g5 29. Qf2 Bg7 30. h3 Qc8 31. Bxg5 Rf8 32. Qg3 Rxf1+ 33. Rxf1 Rf7 34.
Rxf7 Kxf7 35. Qxd6 Qf5 36. Qe7+ Kg8 37. Qe6+ Qxe6 38. dxe6 1-0

[Event "31. Münsterland Open"]
[Site "Senden"]
[Date "2013.10.27"]
[Round "1.6"]
[White "Schelwokat, Peter"]
[Black "Sazanov, Nikolay E"]
[Result "1/2-1/2"]
[WhiteElo "1951"]
[BlackElo "2254"]
[PlyCount "65"]
[EventDate "2013.??.??"]

1. d4 d5 2. c4 e6 3. Nc3 f5 4. Nf3 c6 5. cxd5 exd5 6. Bf4 Bd6 7. Bxd6 Qxd6 8.
e3 Nf6 9. Bd3 Ne4 10. Qc2 Nd7 11. a3 a5 12. Rb1 O-O 13. O-O Rf6 14. Ne2 Rh6 15.
Ng3 Qg6 16. b4 axb4 17. axb4 Ra3 18. Rb3 Rxb3 19. Qxb3 Ndf6 20. Ne5 Qe8 21. Ra1
Nxg3 22. fxg3 Ng4 23. Nxg4 fxg4 24. e4 Rf6 25. e5 Rf8 26. b5 Bd7 27. bxc6 Bxc6
28. Re1 Qe7 29. Qc2 g6 30. Qe2 Qg5 31. e6 Re8 32. Qf2 Rf8 33. Qc2 1/2-1/2

[Event "31. Münsterland Open"]
[Site "Senden"]
[Date "2013.10.27"]
[Round "1.7"]
[White "Seegers, Hendrik"]
[Black "Simon, Thomas"]
[Result "1-0"]
[WhiteElo "2222"]
[BlackElo "1938"]
[PlyCount "57"]
[EventDate "2013.??.??"]

1. d4 Nf6 2. Nf3 e6 3. Bf4 c5 4. e3 Nc6 5. Nbd2 Be7 6. h3 O-O 7. c3 d6 8. Qc2
b6 9. Bd3 Bb7 10. O-O Rc8 11. dxc5 bxc5 12. Rad1 Rc7 13. Ne4 Nxe4 14. Bxe4 f5
15. Bd3 Kh8 16. Bc4 g5 17. Nxg5 Bxg5 18. Rxd6 Rg7 19. Rxd8 Bxd8 20. f3 Rg6 21.
Rd1 e5 22. Bh2 Bg5 23. f4 Bh6 24. Bd5 e4 25. Qe2 Rd8 26. Bxc6 Rxd1+ 27. Qxd1
Bxc6 28. Qd8+ Rg8 29. Qf6+ 1-0

[Event "31. Münsterland Open"]
[Site "Senden"]
[Date "2013.10.27"]
[Round "1.8"]
[White "Lodde, Martin"]
[Black "Meertens, Martin"]
[Result "0-1"]
[WhiteElo "1933"]
[BlackElo "2174"]
[PlyCount "96"]
[EventDate "2013.??.??"]

1. d4 Nf6 2. Nf3 g6 3. g3 Bg7 4. Bg2 O-O 5. O-O d6 6. b3 c6 7. Bb2 Nbd7 8. Re1
Qc7 9. e4 e5 10. c4 a5 11. Nc3 Re8 12. d5 Nc5 13. h3 Rb8 14. Bf1 Bd7 15. Qd2
cxd5 16. cxd5 b5 17. Rac1 Qb6 18. Bd3 b4 19. Na4 Nxa4 20. bxa4 Bxa4 21. Qe2 Nd7
22. Nd2 Nc5 23. h4 Bh6 24. h5 Nxd3 25. Qxd3 Bb5 26. Qc2 Ba6 27. Qd1 Rbc8 28.
Kh2 Qd8 29. Rxc8 Bxc8 30. Rh1 g5 31. Qa4 Bd7 32. Qb3 Qb8 33. Qf3 Kg7 34. g4 Rc8
35. Rc1 Qb5 36. Rxc8 Bxc8 37. Nf1 Qc4 38. Ng3 Qc2 39. Bxe5+ dxe5 40. Nf5+ Bxf5
41. Qxf5 Qc7 42. Qf3 a4 43. Qd1 Qd7 44. Kg3 Kg8 45. Qd2 Qd6 46. Qc2 a3 47. Qd2
Qf6 48. Kg2 Bf8 0-1

[Event "31. Münsterland Open"]
[Site "Senden"]
[Date "2013.10.27"]
[Round "1.9"]
[White "Kammers, Heribert"]
[Black "Stepa, Rainer"]
[Result "1-0"]
[WhiteElo "2168"]
[BlackElo "1921"]
[PlyCount "91"]
[EventDate "2013.??.??"]

1. Nf3 Nf6 2. b3 g6 3. Bb2 Bg7 4. c4 O-O 5. g3 c6 6. Bg2 d5 7. O-O b6 8. d4
Nbd7 9. Nc3 Re8 10. Ne5 Bb7 11. e3 Nxe5 12. dxe5 Nd7 13. cxd5 cxd5 14. f4 e6
15. Rf2 Nc5 16. Rd2 Qe7 17. Ba3 Red8 18. Rc1 Bf8 19. Na4 Rac8 20. Rdc2 d4 21.
exd4 Bxg2 22. Rxg2 Qd7 23. Nxc5 Qxd4+ 24. Qxd4 Rxd4 25. Nxe6 Rxc1+ 26. Bxc1
Rd1+ 27. Kf2 fxe6 28. Be3 Rd3 29. Ke2 Rc3 30. Bd4 Rc7 31. Kd3 Kf7 32. Rc2 Rd7
33. Ke4 Ba3 34. g4 Kg7 35. h4 Be7 36. h5 gxh5 37. gxh5 Kh6 38. Rc6 Kxh5 39.
Rxe6 Kg4 40. f5 Bf8 41. Re8 Ba3 42. Rg8+ Kh3 43. e6 Rc7 44. Rg7 Rxg7 45. Bxg7
Kg4 46. f6 1-0

[Event "31. Münsterland Open"]
[Site "Senden"]
[Date "2013.10.27"]
[Round "1.10"]
[White "Holtel, Jasper"]
[Black "Ljuboschiz, Alexander"]
[Result "0-1"]
[WhiteElo "1914"]
[BlackElo "2161"]
[PlyCount "182"]
[EventDate "2013.??.??"]

1. e4 {[%emt 0:00:00]} e5 2. Nf3 Nc6 3. Bc4 Nf6 4. O-O Nxe4 5. Nc3 Nxc3 6. dxc3
Be7 7. Qd5 O-O 8. Nxe5 Nxe5 9. Qxe5 d6 10. Qh5 Bf6 11. Re1 Bd7 12. Re3 g6 13.
Rg3 Bg7 14. Qd1 Be6 15. Qe2 Re8 16. Bxe6 Rxe6 17. Re3 Qd7 18. Rxe6 fxe6 19. Bg5
e5 20. Rd1 Rf8 21. Qe4 c6 22. c4 Qe6 23. b3 a6 24. Qd3 Bf6 25. Bxf6 Rxf6 26. f3
Qf5 27. Qxf5 gxf5 28. Kf2 Kf7 29. Ke3 Ke6 30. Rd3 d5 31. cxd5+ cxd5 32. g3 Rh6
33. Rd2 d4+ 34. Kd3 Kd5 35. Re2 Rc6 36. Kd2 Rc3 37. Rf2 h5 38. a4 a5 39. Rf1
Rc6 40. Rf2 Rg6 41. Ke2 h4 42. gxh4 Rh6 43. Rg2 Rxh4 44. Kd2 Rh3 45. Ke2 e4 46.
fxe4+ Kxe4 47. Rf2 f4 48. Ke1 d3 49. cxd3+ Rxd3 50. Rb2 Rh3 51. b4 b6 52. bxa5
bxa5 53. Re2+ Kf5 54. Rc2 Kg4 55. Rg2+ Kf3 56. Rf2+ Ke4 57. Re2+ Kf5 58. Rc2
Kg4 59. Rg2+ Kf3 60. Rf2+ Ke3 61. Re2+ Kd3 62. Rd2+ Kc4 63. Kf1 Kb3 64. Kg2 Rh4
65. Kf3 Kxa4 66. Ke4 Kb3 67. Rd3+ Kb4 68. Rd4+ Kb3 69. Rd3+ Kb4 70. Rd4+ Kb5
71. Rd5+ Kb6 72. Rd6+ Kb5 73. Rd5+ Kb4 74. Rd4+ Kc3 75. Rd3+ Kc2 76. Ra3 f3+
77. Ke3 a4 78. Rd3 Rxh2 79. Rd4 a3 80. Rc4+ Kb3 81. Rc8 a2 82. Rb8+ Kc2 83.
Rc8+ Kb1 84. Rb8+ Rb2 85. Rg8 Rb3+ 86. Kf2 a1=Q 87. Rg1+ Kb2 88. Rg7 Qa5 89.
Rd7 Qc5+ 90. Ke1 Qe3+ 91. Kd1 Qc1# 0-1

[Event "31. Münsterland Open"]
[Site "Senden"]
[Date "2013.10.27"]
[Round "2.1"]
[White "Müller, Martin"]
[Black "Levin, Felix"]
[Result "1/2-1/2"]
[WhiteElo "2100"]
[BlackElo "2480"]
[PlyCount "54"]
[EventDate "2013.??.??"]

1. e4 c5 2. c3 Nf6 3. e5 Nd5 4. Nf3 e6 5. Bc4 Nb6 6. Bb3 d6 7. exd6 Bxd6 8. O-O
O-O 9. d4 cxd4 10. cxd4 Nd5 11. Nbd2 Nc6 12. Nc4 Nce7 13. Bg5 f6 14. Nxd6 Qxd6
15. Bh4 Nf5 16. Bg3 Nxg3 17. hxg3 Bd7 18. Qe2 Rac8 19. Rfe1 Rc7 20. Nd2 Qb4 21.
Rad1 Re8 22. Qh5 g6 23. Qf3 Kg7 24. Ne4 Qf8 25. Nc5 Qd6 26. Ne4 Qf8 27. Nc5 Qd6
1/2-1/2

[Event "31. Münsterland Open"]
[Site "Senden"]
[Date "2013.10.27"]
[Round "2.2"]
[White "Hedke, Fred"]
[Black "Meyer, Ulrich"]
[Result "1-0"]
[WhiteElo "2300"]
[BlackElo "2083"]
[PlyCount "45"]
[EventDate "2013.??.??"]

1. e4 c5 2. d4 e6 3. Nf3 Nf6 4. e5 Nd5 5. c4 Nb6 6. dxc5 Bxc5 7. Bd3 d5 8. exd6
Bxd6 9. O-O Qc7 10. Nc3 a6 11. Qe2 Nc6 12. Be3 Nd7 13. Nd5 Qd8 14. Bg5 Ne7 15.
Nc3 Nf6 16. Rfd1 Qc7 17. c5 Bxc5 18. Bxf6 gxf6 19. Ne4 Nd5 20. Rac1 b6 21. b4
Nxb4 22. Nxf6+ Ke7 23. a3 1-0

[Event "31. Münsterland Open"]
[Site "Senden"]
[Date "2013.10.27"]
[Round "2.3"]
[White "Topp, Michael"]
[Black "Molinaroli, Martin"]
[Result "0-1"]
[WhiteElo "2082"]
[BlackElo "2289"]
[PlyCount "84"]
[EventDate "2013.??.??"]

1. c4 g6 2. g3 Bg7 3. Bg2 Nf6 4. Nc3 O-O 5. Nf3 d6 6. O-O c6 7. d3 a6 8. Bg5 h6
9. Bd2 c5 10. d4 Nc6 11. dxc5 dxc5 12. Qc1 Kh7 13. Rd1 Bd7 14. Nd5 Nxd5 15.
cxd5 Nd4 16. Nxd4 cxd4 17. Bb4 a5 18. Be1 Ba4 19. Rd2 Qd7 20. b3 Bb5 21. a4
Rfc8 22. Qd1 Ba6 23. Rc1 e6 24. Rxc8 Rxc8 25. Be4 e5 26. Bg2 f5 27. e4 dxe3 28.
fxe3 e4 29. g4 f4 30. Bxe4 fxe3 31. Rg2 Qd6 32. g5 e2 33. Rxe2 Bxe2 34. Qxe2
Bd4+ 35. Kg2 Re8 36. Qc2 hxg5 37. Bxa5 Be5 38. Bb4 Qf6 39. Bd2 Rf8 40. Qd3 Qf2+
41. Kh3 Qxh2+ 42. Kg4 Qh4# 0-1

[Event "31. Münsterland Open"]
[Site "Senden"]
[Date "2013.10.27"]
[Round "2.4"]
[White "Althoff, Ralph"]
[Black "Seegers, Hendrik"]
[Result "1/2-1/2"]
[WhiteElo "2077"]
[BlackElo "2222"]
[PlyCount "71"]
[EventDate "2013.??.??"]

1. e4 d5 2. exd5 Nf6 3. Nc3 Nxd5 4. Bc4 e6 5. d3 Nxc3 6. bxc3 Be7 7. Nf3 O-O 8.
O-O b6 9. Re1 Bb7 10. Bf4 c5 11. Qe2 Nc6 12. a4 Bf6 13. Ne5 Na5 14. Ba2 Bd5 15.
Qg4 Rc8 16. Re3 Bxa2 17. Rxa2 Nc6 18. Ra1 Re8 19. Rae1 Nxe5 20. Bxe5 Bxe5 21.
Rxe5 Qd7 22. Qc4 Rc6 23. f4 g6 24. R1e3 Rd6 25. f5 gxf5 26. Qh4 Qe7 27. Qg3+
Kf8 28. Rxf5 exf5 29. Rxe7 Kxe7 30. h4 Rg6 31. Qe5+ Kf8 32. Qh8+ Rg8 33. Qf6
Rg6 34. Qh8+ Rg8 35. Qf6 Rg6 36. Qh8+ 1/2-1/2

[Event "31. Münsterland Open"]
[Site "Senden"]
[Date "2013.10.27"]
[Round "2.6"]
[White "Hofene, Dieter"]
[Black "Kammers, Heribert"]
[Result "1/2-1/2"]
[WhiteElo "2071"]
[BlackElo "2168"]
[PlyCount "66"]
[EventDate "2013.??.??"]

1. e4 e6 2. d4 d5 3. Nc3 Nf6 4. Bg5 Be7 5. e5 Nfd7 6. h4 Bxg5 7. hxg5 Qxg5 8.
Qd3 h6 9. Nh3 Qe7 10. O-O-O Nc6 11. Qg3 Rg8 12. Nf4 Qg5 13. Qe3 Nb6 14. Rh5 Qe7
15. Qg3 Bd7 16. Rxh6 O-O-O {[%emt 0:00:03]} 17. Rh7 {[%emt 0:00:02]} g6 {[%emt
0:00:01]} 18. Qe3 Qf8 19. Nh3 Rh8 20. Ng5 Rxh7 21. Nxh7 Qg7 22. Nf6 Rh8 23. f4
Be8 24. Bb5 a6 25. Nxe8 Rxe8 26. Bxc6 bxc6 27. Rh1 Rh8 28. Rxh8+ Qxh8 29. Qh3
Qxh3 30. gxh3 Nc4 31. Na4 Ne3 32. Nc5 Ng2 33. Nd3 Kb7 1/2-1/2

[Event "31. Münsterland Open"]
[Site "Senden"]
[Date "2013.10.27"]
[Round "2.7"]
[White "Ljuboschiz, Alexander"]
[Black "Darwisch, Khaled"]
[Result "0-1"]
[WhiteElo "2161"]
[BlackElo "2026"]
[PlyCount "68"]
[EventDate "2013.??.??"]

1. e4 d6 2. d4 g6 3. Nf3 Bg7 4. Nc3 Nf6 5. h3 O-O 6. Be3 c6 7. Qd2 b5 8. Bd3
Re8 9. O-O-O e5 10. dxe5 dxe5 11. Bh6 Bh8 12. Kb1 Qc7 13. g4 Nbd7 14. Rdg1 Nc5
15. Qe3 Ne6 16. Ne2 a6 17. h4 Nd4 18. Nfxd4 exd4 19. Qf3 c5 20. c4 Bb7 21. Bf4
Nxe4 22. Qh3 Qe7 23. Rh2 Be5 24. Bxe5 Qxe5 25. f4 Qd6 26. h5 g5 27. fxg5 Nd2+
28. Kc2 Nf3 29. Rhh1 Nxg1 30. Rxg1 Re3 31. Qf1 bxc4 32. Bxh7+ Kh8 33. Nf4 d3+
34. Kd2 Rf3 0-1

[Event "31. Münsterland Open"]
[Site "Senden"]
[Date "2013.10.27"]
[Round "2.8"]
[White "Berens, Thomas"]
[Black "Langhanke, Günther"]
[Result "1/2-1/2"]
[WhiteElo "2032"]
[BlackElo "2160"]
[PlyCount "62"]
[EventDate "2013.??.??"]

1. d4 d5 2. c4 e6 3. Nc3 Nf6 4. Bg5 Nbd7 5. Nf3 Bb4 6. Qc2 c5 7. cxd5 exd5 8.
e3 Qa5 9. Bxf6 Nxf6 10. Nd2 cxd4 11. exd4 O-O 12. Be2 Re8 13. Nb3 Qc7 14. O-O
Bxc3 15. bxc3 Bg4 16. Bd3 Rac8 17. Rac1 Re6 18. h3 Bh5 19. c4 dxc4 20. Qxc4
Qxc4 21. Rxc4 Rxc4 22. Bxc4 Rc6 23. Rc1 Kf8 24. Kf1 Ne4 25. Bd5 Rxc1+ 26. Nxc1
Nd6 27. Ke1 f6 28. Kd2 Bf7 29. Bxf7 Kxf7 30. Kd3 Ke6 31. Ne2 b6 1/2-1/2

[Event "31. Münsterland Open"]
[Site "Senden"]
[Date "2013.10.27"]
[Round "2.9"]
[White "Böhm, Jürgen"]
[Black "Ollech, Dirk"]
[Result "1-0"]
[WhiteElo "2158"]
[BlackElo "2009"]
[PlyCount "87"]
[EventDate "2013.??.??"]

1. d4 Nf6 2. Bg5 Ne4 3. Bf4 c5 4. f3 Qa5+ 5. c3 Nf6 6. Nd2 cxd4 7. Nb3 Qb6 8.
Qxd4 Qxd4 9. cxd4 d5 10. e3 e6 11. Bd3 Be7 12. g4 O-O 13. Ne2 b6 14. Rc1 Ba6
15. Bxa6 Nxa6 16. a3 Rac8 17. Kf2 Nd7 18. Nc3 Nab8 19. Nb5 a6 20. Na7 Rc4 21.
Nd2 Rxc1 22. Rxc1 f6 23. Nc8 Bd8 24. Bc7 Bxc7 25. Rxc7 e5 26. Ne7+ Kf7 27. Nxd5
Ke6 28. e4 exd4 29. Nb3 Ke5 {[%emt 0:00:11]} 30. Rc4 g5 31. Rxd4 Rc8 32. Ne3
Rc7 33. Rd5+ Ke6 34. Nd4+ Kf7 35. Rd6 b5 36. Nd5 Rc4 37. Ke3 Kg7 38. Nf5+ Kf7
39. Rxd7+ Nxd7 40. Nd6+ Kg7 41. Nxc4 bxc4 42. Nb4 a5 43. Nc6 a4 44. Kd4 1-0

[Event "31. Münsterland Open"]
[Site "Senden"]
[Date "2013.10.27"]
[Round "2.10"]
[White "Mock, Oskar"]
[Black "Lenaerts, Lennert"]
[Result "1/2-1/2"]
[WhiteElo "2010"]
[BlackElo "2147"]
[PlyCount "111"]
[EventDate "2013.??.??"]

1. Nf3 d5 2. g3 c6 3. Bg2 Bg4 4. O-O Nd7 5. d3 Ngf6 6. Nbd2 e5 7. c4 Bd6 8.
cxd5 cxd5 9. e4 O-O 10. exd5 Nxd5 11. Nc4 Bc7 12. Bg5 f6 13. Ne3 Nxe3 14. Bxe3
Kh8 15. Qa4 Bh5 16. Rac1 Bb6 17. d4 Qe7 18. Nd2 exd4 19. Bxd4 Bxd4 20. Qxd4 Ne5
21. Qe3 Rfe8 22. Nc4 Qd7 23. Nxe5 Rxe5 24. Qc3 Rae8 25. Rfe1 Rxe1+ 26. Rxe1
Rxe1+ 27. Qxe1 b6 28. a3 Kg8 29. Qe4 Kf7 30. Bf1 Bg6 31. Qa8 Ke7 32. Be2 Bf5
33. h4 Qc7 34. Bf3 Kf7 35. h5 Qd7 36. Kg2 h6 37. Bc6 Qe7 38. Bd5+ Be6 39. Bf3
Qd7 40. b4 f5 41. Bc6 Qe7 42. f4 Bd7 43. Bf3 Be6 44. Kh3 Qc7 45. Bc6 Kf6 46.
Bf3 Kf7 47. a4 Qd7 48. a5 Bc4 49. Kh2 bxa5 50. bxa5 Qd2+ 51. Bg2 Qxa5 52. Qb7+
Kf6 53. Qb2+ Kf7 54. Qb7+ Kf6 55. Qb2+ Kf7 56. Qb7+ 1/2-1/2

[Event "31. Münsterland Open"]
[Site "Senden"]
[Date "2013.10.27"]
[Round "3.1"]
[White "Graf, Roland"]
[Black "Hedke, Fred"]
[Result "1/2-1/2"]
[WhiteElo "2145"]
[BlackElo "2300"]
[PlyCount "80"]
[EventDate "2013.??.??"]

1. e4 e5 2. Nf3 d6 3. d4 exd4 4. Nxd4 Nf6 5. Nc3 Be7 6. g3 Bg4 7. f3 Bd7 8. Bg2
O-O 9. O-O Re8 10. Be3 Bf8 11. Qd2 c6 12. Rfe1 Na6 13. Nde2 Nc7 14. Nf4 b5 15.
a3 a5 16. Bf2 Qb8 17. Nd1 h6 18. Ne3 Ne6 19. Nf5 Qc7 20. Nxe6 Bxe6 21. Nd4 Bd7
22. c3 d5 23. exd5 Nxd5 24. Rxe8 Rxe8 25. Re1 Rxe1+ 26. Qxe1 Nb6 27. f4 Nc4 28.
Qe2 a4 29. Nf3 Qd6 30. Ne5 Qe7 31. Bf3 Nxe5 32. Qxe5 Qxe5 33. fxe5 Be7 34. Be3
Kf8 35. Kf2 Ke8 36. Bb6 Bg5 37. Be3 Bd8 38. Bd4 Bc8 39. Be3 Be7 40. Bb6 Bg5
1/2-1/2

[Event "31. Münsterland Open"]
[Site "Senden"]
[Date "2013.10.27"]
[Round "3.2"]
[White "Molinaroli, Martin"]
[Black "Haselhorst, Helmut"]
[Result "1-0"]
[WhiteElo "2289"]
[BlackElo "2107"]
[PlyCount "57"]
[EventDate "2013.??.??"]

1. e4 Nf6 2. Nc3 e5 3. Nf3 Nc6 4. Bb5 Bb4 5. O-O O-O 6. d3 Re8 7. Bg5 a6 8. Bc4
Be7 9. a3 d6 10. h3 Be6 11. Bxe6 fxe6 12. d4 Nxd4 13. Nxd4 exd4 14. Qxd4 Nd7
15. Bxe7 Qxe7 16. f4 Nb6 17. f5 Rf8 18. Rad1 Rae8 19. a4 exf5 20. a5 c5 21. Qd3
fxe4 22. Rxf8+ Qxf8 23. Nxe4 Nc8 24. Ng5 g6 25. Qb3+ Kh8 26. Nf7+ Kg7 27. Qc3+
Kxf7 28. Rf1+ Kg8 29. Qb3+ 1-0

[Event "31. Münsterland Open"]
[Site "Senden"]
[Date "2013.10.27"]
[Round "3.3"]
[White "Bub, Volker"]
[Black "Meertens, Martin"]
[Result "1/2-1/2"]
[WhiteElo "2103"]
[BlackElo "2174"]
[PlyCount "104"]
[EventDate "2013.??.??"]

1. Nf3 Nf6 2. g3 g6 3. Bg2 Bg7 4. O-O O-O 5. d3 d6 6. e4 c5 7. Nbd2 Nc6 8. Re1
Rb8 9. a4 e5 10. Nc4 h6 11. c3 Be6 12. Rb1 a6 13. Ne3 d5 14. exd5 Nxd5 15. Nxd5
Bxd5 16. Be3 Qd6 17. Qc1 Kh7 18. b4 cxb4 19. cxb4 b6 20. b5 Nb4 21. Qa3 a5 22.
Bd2 Rfd8 23. Bxb4 axb4 24. Qxb4 Qxb4 25. Rxb4 Bxf3 26. Bxf3 Rxd3 27. Be4 Rd2
28. g4 Bf8 29. Rb3 Bc5 30. Rf3 Kg7 31. Bd3 Rd8 32. Bc4 f6 33. Re2 R2d4 34. Be6
Rxa4 35. Kg2 Raa8 36. h4 Rd6 37. Bb3 Rd4 38. Rg3 g5 39. h5 Ra3 40. Be6 Ra1 41.
Bf5 Rdd1 42. Rd3 Rxd3 43. Bxd3 Kf7 44. Bf5 Ke7 45. Rd2 Bd4 46. Rc2 Bc5 47. Rd2
Ra7 48. Kf3 Bd4 49. Rc2 Ra3+ 50. Ke2 Bc3 51. Kd3 Bd4+ 52. Ke2 Bc3 1/2-1/2

[Event "31. Münsterland Open"]
[Site "Senden"]
[Date "2013.10.27"]
[Round "3.4"]
[White "Darwisch, Khaled"]
[Black "Böhm, Jürgen"]
[Result "1/2-1/2"]
[WhiteElo "2026"]
[BlackElo "2158"]
[PlyCount "90"]
[EventDate "2013.??.??"]

1. e4 e6 2. d4 d5 3. exd5 exd5 4. Nf3 Bg4 5. Be2 Bd6 6. Bg5 f6 7. Bh4 Ne7 8. c4
Nbc6 9. cxd5 Nxd5 10. O-O Qd7 11. Nc3 Nce7 12. Ne4 Nf5 13. Nxd6+ Qxd6 14. Nd2
Bxe2 15. Qxe2+ Kf7 16. Ne4 Qe6 17. Rfe1 Rae8 18. Bg3 c6 19. Qf3 Qc8 20. Qxf5
Qxf5 21. Nd6+ Kg6 22. Nxf5 Kxf5 23. f3 Re6 24. Rxe6 Kxe6 25. Re1+ Kd7 26. Re4
Re8 27. Be1 f5 28. Rxe8 Kxe8 29. Bd2 Kd7 30. Kf2 Ke6 31. Ke2 b5 32. Kd3 g6 33.
b3 Nb6 34. Ba5 Nd5 35. Bd2 Kd6 36. Kc2 Kc7 37. Kd3 Kd7 38. Kc2 Nc7 39. Kd3 Ne6
40. Be3 a6 41. Kc3 a5 42. Kd3 Kd6 43. Bd2 Kd5 44. Be3 b4 45. g3 Nc7 1/2-1/2

[Event "31. Münsterland Open"]
[Site "Senden"]
[Date "2013.10.27"]
[Round "3.5"]
[White "Levin, Felix"]
[Black "Beutelhoff, Josef"]
[Result "0-1"]
[WhiteElo "2480"]
[BlackElo "2085"]
[PlyCount "71"]
[EventDate "2013.??.??"]

1. d4 d5 2. c4 c6 3. Nc3 Nf6 4. e3 e6 5. Nf3 Nbd7 6. Qc2 b6 7. Bd3 Bb7 8. O-O
Be7 9. b3 O-O 10. Ne5 c5 11. Bb2 h6 12. Rad1 cxd4 13. exd4 dxc4 14. bxc4 Nxe5
15. dxe5 Nd7 16. Nb5 a6 17. Nd6 Bc6 18. Qe2 Qc7 19. Bc2 Nc5 20. Qg4 Ba4 21.
Bxa4 Nxa4 22. Bc1 Kh8 23. Qh5 Bxd6 24. Bxh6 Bxe5 25. Bxg7+ Kxg7 26. Qg5+ Kh8
27. Rd3 Bg7 28. Rh3+ Kg8 29. Qh5 Rfd8 30. Re1 Rd6 31. Qh7+ Kf8 32. Rg3 f5 33.
h4 Qf7 34. h5 e5 35. Rg6 Rxg6 36. hxg6 0-1

[Event "31. Münsterland Open"]
[Site "Senden"]
[Date "2013.10.27"]
[Round "3.6"]
[White "Pähtz, Thomas"]
[Black "Althoff, Ralph"]
[Result "1-0"]
[WhiteElo "2401"]
[BlackElo "2077"]
[PlyCount "55"]
[EventDate "2013.??.??"]

1. e4 c5 2. Nf3 e6 3. d4 cxd4 4. Nxd4 a6 5. Bd3 Bc5 6. Nb3 Ba7 7. O-O Nc6 8. c4
d6 9. Nc3 Nge7 10. Qe2 O-O 11. Be3 e5 12. Bxa7 Rxa7 13. Rfd1 b6 14. Qe3 f5 15.
exf5 Nxf5 16. Bxf5 Bxf5 17. Rd2 Be6 18. Ne4 Rd7 19. Rad1 d5 20. Ng5 Bg4 21.
cxd5 Bxd1 22. Ne6 Qf6 23. Nxf8 Kxf8 24. dxc6 Qxc6 25. Rxd7 Qxd7 26. Qxb6 Be2
27. h3 Bc4 28. Qc5+ 1-0

[Event "31. Münsterland Open"]
[Site "Senden"]
[Date "2013.10.27"]
[Round "3.7"]
[White "Ackermann, Hans Werner"]
[Black "Hofene, Dieter"]
[Result "1-0"]
[WhiteElo "2308"]
[BlackElo "2071"]
[PlyCount "75"]
[EventDate "2013.??.??"]

1. b3 e5 2. Bb2 d6 3. e3 f5 4. d4 exd4 5. Qxd4 Qf6 6. Qxf6 Nxf6 7. Bxf6 gxf6 8.
Nc3 c6 9. Bd3 Na6 10. Bxa6 bxa6 11. Nge2 d5 12. O-O-O Bd7 13. Nf4 O-O-O 14. Na4
Rg8 15. g3 Ba3+ 16. Kb1 Rde8 17. Nd3 Bd6 18. Rhg1 Kc7 19. Nac5 a5 20. Rc1 Bc8
21. Rge1 h5 22. c4 f4 23. cxd5 fxe3 24. fxe3 h4 25. gxh4 Bxh2 26. Ne6+ Rxe6 27.
dxe6 Bxe6 28. e4 Bg3 29. Rh1 f5 30. Nc5 Bc8 31. Rhf1 f4 32. Nd3 Bh3 33. Rxf4
Bg2 34. Rf7+ Kb6 35. Nc5 Bc7 36. Nd7+ Kb7 37. Nf6 Rg6 38. Ne8 1-0

[Event "31. Münsterland Open"]
[Site "Senden"]
[Date "2013.10.27"]
[Round "3.8"]
[White "Berens, Thomas"]
[Black "Sazanov, Nikolay E"]
[Result "0-1"]
[WhiteElo "2032"]
[BlackElo "2254"]
[PlyCount "44"]
[EventDate "2013.??.??"]

1. d4 d5 2. c4 e6 3. Nc3 f5 4. Nf3 c6 5. Bf4 Ne7 6. e3 Ng6 7. Bd3 Bd6 8. g3 O-O
9. O-O Qe7 10. Qc2 Kh8 11. Rad1 dxc4 12. Bxc4 Nd7 13. Bxd6 Qxd6 14. Bb3 Nf6 15.
e4 Ng4 16. Ng5 Qe7 17. Qd2 f4 18. Nf3 e5 19. d5 fxg3 20. fxg3 Qc5+ 21. Kh1 Ne3
22. Qf2 Bg4 0-1